LEADER 01529nam0 22003853i 450 001 RMS0004046 005 20251003044343.0 010 $a0879421312 010 $a0879421320$bpbk 100 $a20191030d1980 ||||0itac50 ba 101 | $aeng 102 $aus 181 1$6z01$ai $bxxxe 182 1$6z01$an 183 1$6z01$anc$2RDAcarrier 200 1 $aData conversion integrated circuits$fedited by Daniel J. Dooley 210 $aNew York$cIEEE press$dc1980 215 $aVI, 297 p.$cill.$d28 cm. 225 | $aIEEE Press selected reprint series 314 $aeditor$9RMSV003433 410 0$1001MIL0027949$12001 $aIEEE Press selected reprint series$171202$aˆThe ‰Institute of Electrical and Electronics Engineers$c $3PUVV167670$4595 606 $aConvertitori$2FIR$3SBLC131483$9I 676 $a621.3815$9ELETTRONICA. COMPONENTI E CIRCUITI$v14 676 $a621.38159$9CONVERTITORI DA ANALOGICO A DIGITALE E DA DIGITALE AD ANALOGICO$v22 696 $aApparecchi convertitori 699 $aConvertitori$yApparecchi convertitori 702 1$aDooley$b, Daniel J.$f <1940- >$3RMSV003433 801 3$aIT$bIT-000000$c20191030 850 $aIT-BN0095 901 $bNAP 01$cSALA DING $n$ 912 $aRMS0004046 950 0$aBiblioteca Centralizzata di Ateneo$c1 v.$d 01SALA DING 621.3815 DATCIC$e 0102 0000024145 VMA A4 1 v.$fY $h19960305$i19960305 977 $a 01 996 $aData conversion integrated circuits$91574628 997 $aUNISANNIO